Culture Générale - Série 1219 - Statistiques

Statistiques générales
  • Ce quiz a été pris 87 fois
  • Le résultat moyen est 5 sur 10
Statistiques - réponses
Question Réponse % Correct
Quel "Julien" est le héros du roman de Stendhal "Le Rouge et le Noir" ? Julien Sorel
86%
En athlétisme, quel mot composé anglais désigne le cale-pied sur lequel s'appuie un sprinteur au départ d'une course ? starting-block
78%
Au cinéma, en 1964, comment se prénomme la “marquise des anges” ? Angélique
71%
Qui est le réalisateur, prénommé Robert, du film “Et au milieu coule une rivière” avec Brad Pitt ? Robert Redford
71%
Quel verbe du 1er groupe commençant par "M" signifie au Québec "faire du shopping" ? magasiner
48%
Dans un dessin animé, quel chien accompagne Freddy, Daphné, Véra et Samy à bord de la Mystery Machine ? Scoubidou
45%
Quelle athlète française, prénommée Colette, a remporté la médaille d'or du 400 m aux Jeux olympiques de Mexico, en 1968 ? Colette Besson
35%
De quelle chaîne de montagnes le mont Narodnaïa est-il le point culminant ? Oural
35%
Atala, ou les Amours de deux sauvages dans le désert,est une oeuvre de ... François-René de Chateaubriand
19%
Comment s'appellent les habitants du Puy en Velay situé en Haute Loire ? Ponots
6%
Aucun quiz correspondant
Distribution des résultats
% des personnes avec chaque résultat
Percentile par nombre de réponses
Votre historique - résultats
Vous n’avez pas pris ce quiz